[Event "FRA-chT2 0910"]
[Site "France"]
[Date "2009.10.18"]
[Round "3.3"]
[White "Renault, Fabien"]
[Black "Chabradze, Boris"]
[Result "0-1"]
[WhiteElo "2204"]
[BlackElo "2204"]
[PlyCount "88"]
[EventDate "2009.09.27"]
[EventType "team"]
[EventRounds "11"]
[EventCountry "FRA"]
[Source "ChessBase"]
[SourceDate "2010.03.11"]

1. e4 c5 2. Nf3 d6 3. d4 cxd4 4. Nxd4 Nf6 5. Nc3 a6 6. Bg5 e6 7. f4 Be7 8. Qf3
Qa5 9. O-O-O Bd7 10. e5 dxe5 11. fxe5 Nc6 12. Nxc6 Bxc6 13. Qg3 Nh5 14. Qh4
Bxg5+ 15. Qxg5 g6 16. Bd3 O-O 17. Rhe1 Rad8 18. Re3 Rd4 19. Ne2 Ra4 20. Nc3 Rd4
21. Rf1 Qd8 22. Qh6 Rh4 23. Rf6 Qd4 24. Ne2 Nxf6 25. Qxf8+ Kxf8 26. Nxd4 Rxd4
27. exf6 Bxg2 28. Rg3 Bc6 29. Be2 Rf4 30. Rc3 a5 31. Rc5 Rf5 32. Rxf5 exf5 33.
Bc4 b5 34. Bd3 Ke8 35. c4 b4 36. a3 bxa3 37. bxa3 Kd7 38. Kd2 Ke6 39. Ke3 Ke5
40. Be2 f4+ 41. Kd3 Be4+ 42. Kd2 Kxf6 43. c5 Ke5 44. Ba6 Kd4 0-1

[Event "FRA-chT2 0910"]
[Site "France"]
[Date "2009.10.18"]
[Round "3.3"]
[White "Tillet, Louis Juan"]
[Black "Lefebvre, Herve"]
[Result "1-0"]
[WhiteElo "2148"]
[BlackElo "2266"]
[PlyCount "121"]
[EventDate "2009.09.27"]
[EventType "team"]
[EventRounds "11"]
[EventCountry "FRA"]
[Source "ChessBase"]
[SourceDate "2010.03.11"]

1. e4 c5 2. c3 Nf6 3. e5 Nd5 4. d4 cxd4 5. Nf3 Nc6 6. Bc4 Nb6 7. Bb3 g6 8. cxd4
Bg7 9. Bf4 d6 10. exd6 O-O 11. h3 exd6 12. O-O Na5 13. Nc3 Nac4 14. Bg5 f6 15.
Bf4 d5 16. Re1 g5 17. Bg3 Bf5 18. Qe2 Rc8 19. Rac1 Kh8 20. Bxc4 Nxc4 21. b3 Nd6
22. Nxd5 Ne4 23. Rxc8 Nxg3 24. Rxd8 Nxe2+ 25. Rxe2 Rxd8 26. Nc7 Bf8 27. Re8
Rxe8 28. Nxe8 Be7 29. d5 Bd7 30. Nc7 Bd6 31. Ne6 Kg8 32. Nfd4 Kf7 33. Nd8+ Ke7
34. Nxb7 Be5 35. Nc6+ Bxc6 36. dxc6 Ke6 37. Kf1 Kd5 38. Na5 Bc7 39. Nc4 Kxc6
40. g4 Kd5 41. Ke2 Ke4 42. Ne3 Be5 43. Ng2 Kd4 44. Kd2 Ke4 45. Ke2 Kd4 46. Kd2
Ke4 47. Ne1 Bd4 48. Ke2 Bb6 49. Nc2 Bc5 50. b4 Bd6 51. a4 Bf8 52. b5 Bc5 53.
f3+ Kf4 54. a5 Kg3 55. Ne3 Kxh3 56. Nd5 Bd4 57. Kd3 Be5 58. a6 Kg3 59. Ke4 Kh4
60. Nxf6 Bc7 61. Nd7 1-0

[Event "FRA-chT2 0910"]
[Site "France"]
[Date "2009.10.18"]
[Round "3.3"]
[White "Wallart, Adrien"]
[Black "Marin, Sebastien"]
[Result "1-0"]
[WhiteElo "2169"]
[BlackElo "2186"]
[PlyCount "94"]
[EventDate "2009.09.27"]
[EventType "team"]
[EventRounds "11"]
[EventCountry "FRA"]
[Source "ChessBase"]
[SourceDate "2010.03.11"]

1. d4 Nf6 2. c4 g6 3. Nc3 Bg7 4. e4 O-O 5. Nf3 d6 6. Be2 e5 7. O-O Nc6 8. d5
Ne7 9. Ne1 Nd7 10. Be3 f5 11. f3 f4 12. Bf2 g5 13. Rc1 Ng6 14. c5 Nf6 15. cxd6
cxd6 16. Nb5 g4 17. Nc7 g3 18. Nxa8 Nh5 19. Kh1 gxf2 20. Rxf2 Bf6 21. Bf1 Bh4
22. Rfc2 Bd7 23. Nc7 Ng3+ 24. Kg1 Rf7 25. Nd3 Qg5 26. Nf2 Nxf1 27. Qxf1 Nf8 28.
Nh1 Qg6 29. Nf2 Bd8 30. b3 Rg7 31. a4 a6 32. Nd3 h5 33. Kh1 h4 34. Nf2 h3 35.
gxh3 Qh7 36. Ng4 Bxg4 37. hxg4 Rxc7 38. Rxc7 Bxc7 39. Qf2 Ba5 40. Kg2 Bb4 41.
h4 Bc5 42. Qe1 a5 43. h5 b6 44. Qh4 Qg7 45. g5 Kh8 46. g6 Nh7 47. Rh1 Nf6 1-0

[Event "FRA-chT2 0910"]
[Site "France"]
[Date "2009.10.18"]
[Round "3.3"]
[White "Wegner, Eric"]
[Black "Peter, Sebastien"]
[Result "1/2-1/2"]
[WhiteElo "2084"]
[BlackElo "2230"]
[PlyCount "81"]
[EventDate "2009.09.27"]
[EventType "team"]
[EventRounds "11"]
[EventCountry "FRA"]
[Source "ChessBase"]
[SourceDate "2010.03.11"]

1. d4 e6 2. c4 Nf6 3. g3 d5 4. Nf3 Be7 5. Bg2 O-O 6. O-O dxc4 7. Qc2 a6 8. Qxc4
b5 9. Qc2 Bb7 10. Bd2 Nbd7 11. Ba5 Rc8 12. Nbd2 Qe8 13. b4 Nd5 14. a3 Nb8 15.
Ne5 Bd6 16. Nb3 Qe7 17. Rac1 Bxe5 18. dxe5 Nd7 19. Nc5 Ba8 20. Nxd7 Qxd7 21.
Qc5 Rfd8 22. Rfd1 Qe8 23. Qa7 Nb6 24. Rxd8 Qxd8 25. Bxb6 Bxg2 26. Kxg2 cxb6 27.
Rxc8 Qxc8 28. Qxb6 g6 29. Qd4 Qc2 30. Qd8+ Kg7 31. Qf6+ Kg8 32. Qd8+ Kg7 33.
Qf6+ Kg8 34. Qf3 Kg7 35. h4 h5 36. Qf6+ Kg8 37. Qf3 Qc4 38. e3 Kg7 39. Qf6+ Kg8
40. Qf3 Kg7 41. Qf6+ 1/2-1/2

[Event "FRA-chT2 0910"]
[Site "France"]
[Date "2009.10.18"]
[Round "3.4"]
[White "Baron, Romuald"]
[Black "Loiseau, Quentin"]
[Result "0-1"]
[WhiteElo "1998"]
[BlackElo "2120"]
[PlyCount "72"]
[EventDate "2009.09.27"]
[EventType "team"]
[EventRounds "11"]
[EventCountry "FRA"]
[Source "ChessBase"]
[SourceDate "2010.03.11"]

1. e4 c5 2. Nf3 Nc6 3. d4 cxd4 4. Nxd4 Nf6 5. Nc3 e5 6. Ndb5 d6 7. Bg5 a6 8.
Na3 b5 9. Bxf6 gxf6 10. Nd5 Bg7 11. c3 Ne7 12. Nc2 f5 13. Nce3 fxe4 14. a4 Rb8
15. axb5 axb5 16. Ra7 Nxd5 17. Qxd5 O-O 18. Qxe4 Qb6 19. Bd3 f5 20. Qd5+ Kh8
21. Rf7 Bb7 22. Qe6 Rxf7 23. Qxf7 Rf8 24. Qh5 e4 25. Bc2 Qc5 26. O-O f4 27.
Qxc5 dxc5 28. Nd1 Rd8 29. Re1 Rd2 30. Bb1 Bh6 31. g3 f3 32. Kf1 Bd5 33. b4 cxb4
34. cxb4 e3 35. fxe3 Bc4+ 36. Kg1 Bxe3+ 0-1

[Event "FRA-chT2 0910"]
[Site "France"]
[Date "2009.10.18"]
[Round "3.4"]
[White "Blanc, Sebastien"]
[Black "Wohlers Armas, Friederike"]
[Result "1/2-1/2"]
[WhiteElo "2131"]
[BlackElo "2027"]
[PlyCount "103"]
[EventDate "2009.09.27"]
[EventType "team"]
[EventRounds "11"]
[EventCountry "FRA"]
[Source "ChessBase"]
[SourceDate "2010.03.11"]

1. d4 b5 2. Nf3 Nf6 3. e3 a6 4. c3 e6 5. Nbd2 Bb7 6. Bd3 c5 7. O-O Nc6 8. Qe2
Rc8 9. a4 c4 10. Bc2 d5 11. axb5 axb5 12. e4 h6 13. Re1 g5 14. exd5 Nxd5 15.
Ne4 Be7 16. Ne5 Nxe5 17. dxe5 Qc7 18. Ra7 Ra8 19. Rxa8+ Bxa8 20. b3 Qxe5 21.
bxc4 bxc4 22. Bd2 O-O 23. Qxc4 Nf4 24. h4 Bd5 25. Qd4 Qxd4 26. cxd4 Rc8 27. Bb1
Rb8 28. g3 Ne2+ 29. Kf1 Nxd4 30. Nc3 Bc6 31. hxg5 hxg5 32. Be4 Bxe4 33. Rxe4
Rd8 34. Be3 Nf5 35. Ke2 Nxe3 36. Kxe3 Bc5+ 37. Ke2 Be7 38. Ra4 f5 39. g4 Bf6
40. Nd1 f4 41. f3 Bd4 42. Ra5 Rd5 43. Rxd5 exd5 44. Kd3 Ba1 45. Nf2 Kf7 46. Ke2
Ke6 47. Nd3 Kd6 48. Nf2 Bf6 49. Nd3 Bd4 50. Ne1 Kc5 51. Nd3+ Kc4 52. Ne1
1/2-1/2

[Event "FRA-chT2 0910"]
[Site "France"]
[Date "2009.10.18"]
[Round "3.4"]
[White "Blanche, Paul"]
[Black "Bleuzen, Cedric"]
[Result "1/2-1/2"]
[WhiteElo "2120"]
[BlackElo "2054"]
[PlyCount "123"]
[EventDate "2009.09.27"]
[EventType "team"]
[EventRounds "11"]
[EventCountry "FRA"]
[Source "ChessBase"]
[SourceDate "2010.03.11"]

1. d4 e6 2. c4 f5 3. g3 Nf6 4. Bg2 d5 5. Nf3 Ne4 6. O-O Nd7 7. Nfd2 Ndf6 8. f3
Nxd2 9. Nxd2 c5 10. dxc5 Bxc5+ 11. Kh1 O-O 12. Nb3 Bb6 13. c5 Bc7 14. f4 Ne4
15. Be3 Rf6 16. Nd2 Qe8 17. Nxe4 fxe4 18. Bd4 Rh6 19. e3 Qg6 20. Kg1 Bd7 21.
Rf2 Rf8 22. Bf1 Kh8 23. Qd2 Qh5 24. Be2 Qh3 25. Qc3 Rg6 26. Be5 Bd8 27. b4 h5
28. Bf1 Qf5 29. b5 Bf6 30. Rc1 h4 31. Rg2 hxg3 32. hxg3 Rh6 33. Bxf6 gxf6 34.
c6 bxc6 35. bxc6 Bc8 36. c7 Rg8 37. Rcc2 Rh3 38. Kf2 e5 39. Ke1 Rhxg3 40. Rh2+
Kg7 41. Qc5 Rf8 42. Rcg2 exf4 43. exf4 Qxf4 44. Qe7+ Rf7 45. Rh7+ Kxh7 46.
Qxf7+ Kh6 47. Rh2+ Bh3 48. Rxh3+ Rxh3 49. Qf8+ Kh7 50. Bxh3 Qe3+ 51. Kd1 Qd3+
52. Kc1 Qc3+ 53. Kb1 Qd3+ 54. Kb2 Qd2+ 55. Kb3 Qd3+ 56. Kb4 Qc4+ 57. Ka3 Qa6+
58. Kb4 Qc4+ 59. Ka3 Qa6+ 60. Kb2 Qe2+ 61. Kc1 Qc4+ 62. Kb2 1/2-1/2

[Event "FRA-chT2 0910"]
[Site "France"]
[Date "2009.10.18"]
[Round "3.4"]
[White "Cadiou, Jacques"]
[Black "Salvaing, Jean Louis"]
[Result "0-1"]
[WhiteElo "1996"]
[BlackElo "1998"]
[PlyCount "96"]
[EventDate "2009.09.27"]
[EventType "team"]
[EventRounds "11"]
[EventCountry "FRA"]
[Source "ChessBase"]
[SourceDate "2010.03.11"]

1. Nf3 Nf6 2. c4 g6 3. d4 Bg7 4. Nc3 O-O 5. e4 d6 6. Be2 Nbd7 7. O-O e5 8. Bg5
c6 9. Rc1 Re8 10. d5 Nc5 11. Nd2 a5 12. b3 Qc7 13. a3 Bd7 14. b4 axb4 15. axb4
Na6 16. Qb3 c5 17. Nb5 Bxb5 18. cxb5 Nb8 19. bxc5 dxc5 20. b6 Qe7 21. Ra1 Na6
22. Rfc1 Reb8 23. f3 h6 24. Bh4 g5 25. Bf2 Nd7 26. Nc4 Qf6 27. Qb5 Qd8 28. Ra5
Bf8 29. Qb2 f6 30. Qb5 Kg7 31. f4 exf4 32. Bg4 Ne5 33. Nxe5 fxe5 34. d6 Bxd6
35. Rd1 Qe7 36. Ra2 Rd8 37. Rad2 Nb8 38. Kf1 Nc6 39. Rxd6 Rxd6 40. Bxc5 Rxd1+
41. Bxd1 Qd7 42. Ba4 Qd2 43. Bf2 Qb4 44. Qxb4 Nxb4 45. Bb5 Ra2 46. Bc4 Rb2 47.
Be1 Nc6 48. Bf2 Nd4 0-1

[Event "FRA-chT2 0910"]
[Site "France"]
[Date "2009.10.18"]
[Round "3.4"]
[White "Dionisi, Thomas"]
[Black "Delabre, Tony"]
[Result "1-0"]
[WhiteElo "2105"]
[BlackElo "2065"]
[PlyCount "61"]
[EventDate "2009.09.27"]
[EventType "team"]
[EventRounds "11"]
[EventCountry "FRA"]
[Source "ChessBase"]
[SourceDate "2010.03.11"]

1. e4 e5 2. Nf3 Nc6 3. Bb5 f5 4. Nc3 fxe4 5. Nxe4 Nf6 6. Qe2 d5 7. Nxf6+ gxf6
8. d4 Bg7 9. Be3 O-O 10. O-O-O a6 11. Bxc6 bxc6 12. g4 Bxg4 13. Rhg1 Bxf3 14.
Qxf3 Kh8 15. Rg3 Qe7 16. Rdg1 Rf7 17. Qh5 f5 18. dxe5 Bxe5 19. f4 Bf6 20. Bc5
Qd7 21. Rg6 d4 22. Qh6 Bg7 23. Qh4 Rd8 24. R1g3 Bf6 25. Qh6 Bg7 26. Rxg7 Rxg7
27. Qf6 Rdg8 28. Bxd4 Qd6 29. Qxg7+ Rxg7 30. Bxg7+ Kg8 31. Be5+ 1-0

[Event "FRA-chT2 0910"]
[Site "France"]
[Date "2009.10.18"]
[Round "3.4"]
[White "Favre, Mathieu"]
[Black "Boulard, Eric"]
[Result "0-1"]
[WhiteElo "2036"]
[BlackElo "2243"]
[PlyCount "116"]
[EventDate "2009.09.27"]
[EventType "team"]
[EventRounds "11"]
[EventCountry "FRA"]
[Source "ChessBase"]
[SourceDate "2010.03.11"]

1. e4 e5 2. Nf3 f5 3. Nxe5 Qf6 4. d4 d6 5. Nc4 fxe4 6. Be2 Qd8 7. Bf4 Nf6 8.
O-O Be7 9. Ne3 O-O 10. Bg3 Re8 11. c4 Bf8 12. Nc3 Nc6 13. a3 a5 14. Nb5 Ne7 15.
b4 Nf5 16. c5 Nxg3 17. hxg3 c6 18. Nc3 b6 19. cxb6 axb4 20. axb4 Rxa1 21. Qxa1
Qxb6 22. Nc2 Bg4 23. Qd1 Be6 24. Qd2 d5 25. Na4 Qa7 26. Nc5 Bg4 27. Ra1 Qf7 28.
Ne3 Qh5 29. Bxg4 Nxg4 30. Nxg4 Qxg4 31. Qe3 Be7 32. Re1 Rf8 33. Rf1 Bg5 34. Qe1
h5 35. Qd1 Qxd1 36. Rxd1 Rb8 37. Ra1 Rxb4 38. Ra8+ Kh7 39. Ne6 Bf6 40. Nf8+ Kh6
41. Rc8 Rc4 42. Ne6 Kg6 43. Rc7 Kf5 44. Nf4 h4 45. Ne2 hxg3 46. Nxg3+ Ke6 47.
Ne2 Kd6 48. Ra7 g5 49. Rh7 Bxd4 50. Rh6+ Ke5 51. g4 Bc3 52. Rg6 Bd2 53. Rg8 Bf4
54. Re8+ Kf6 55. Kg2 Kf7 56. Rc8 Be5 57. Ra8 d4 58. Ra5 d3 0-1

[Event "FRA-chT2 0910"]
[Site "France"]
[Date "2009.10.18"]
[Round "3.4"]
[White "Fortuit, Nicolas"]
[Black "Rodriguez, Angel"]
[Result "1/2-1/2"]
[WhiteElo "2116"]
[BlackElo "2096"]
[PlyCount "106"]
[EventDate "2009.09.27"]
[EventType "team"]
[EventRounds "11"]
[EventCountry "FRA"]
[Source "ChessBase"]
[SourceDate "2010.03.11"]

1. e4 c5 2. Nf3 e6 3. d3 d5 4. Nbd2 Nc6 5. g3 Nf6 6. Bg2 Be7 7. O-O b5 8. Re1
a5 9. a4 b4 10. exd5 exd5 11. d4 O-O 12. dxc5 Bxc5 13. Nb3 Ba7 14. Be3 Bxe3 15.
Rxe3 Qd6 16. Nfd4 Ne5 17. Nb5 Qb8 18. Qd4 Nc4 19. Re7 Nd6 20. Nxd6 Qxd6 21.
Rae1 Be6 22. Qc5 Qd8 23. Nd4 Rc8 24. Qa7 Ra8 25. Nxe6 fxe6 26. Rxg7+ Kh8 27.
Qe7 Qxe7 28. Rxe7 Rac8 29. Re2 Rfe8 30. R7xe6 Rxe6 31. Rxe6 Kg7 32. Re2 Rc5 33.
h3 Ne4 34. Bxe4 dxe4 35. Kg2 Kf6 36. g4 Rc4 37. Kg3 Ke5 38. f3 Kd5 39. fxe4+
Rxe4 40. Kf3 Rc4 41. h4 h5 42. g5 Rxh4 43. g6 Rg4 44. Rg2 Rxg2 45. Kxg2 Ke6 46.
c4 bxc3 47. bxc3 Kf6 48. Kg3 Kxg6 49. Kh4 Kf5 50. Kxh5 Ke4 51. Kg4 Kd3 52. Kf3
Kxc3 53. Ke3 Kb4 1/2-1/2

[Event "FRA-chT2 0910"]
[Site "France"]
[Date "2009.10.18"]
[Round "3.4"]
[White "Genzling, Sylvie"]
[Black "Lupu, Mircea Sergiu"]
[Result "0-1"]
[WhiteElo "1967"]
[BlackElo "2432"]
[PlyCount "100"]
[EventDate "2009.09.27"]
[EventType "team"]
[EventRounds "11"]
[EventCountry "FRA"]
[Source "ChessBase"]
[SourceDate "2010.03.11"]
[BlackTeam "Meaux"]

1. e4 d6 2. d4 g6 3. Nc3 Bg7 4. Be3 a6 5. Qd2 b5 6. a3 Nd7 7. Nge2 Bb7 8. g3
Ngf6 9. Bg2 Ng4 10. O-O O-O 11. f4 Rc8 12. Kh1 Nxe3 13. Qxe3 c5 14. dxc5 Rxc5
15. Rad1 Qa8 16. Qf2 Nf6 17. Bf3 Nxe4 18. Nxe4 Bxe4 19. c3 Bxf3+ 20. Qxf3 Qxf3+
21. Rxf3 Rfc8 22. Re3 Kf8 23. Nd4 Rd5 24. Red3 Rc4 25. Nc2 Rxd3 26. Rxd3 Ke8
27. Kg2 Kd7 28. Kf3 e6 29. Ne3 Rc5 30. g4 Ke7 31. Rd2 h6 32. h3 g5 33. f5 Be5
34. fxe6 fxe6 35. Rd1 Bf4 36. Nc2 Rc4 37. Nd4 Be5 38. Ne2 d5 39. Rh1 Bf6 40.
Ke3 Re4+ 41. Kd3 Be5 42. b3 Bf4 43. Nd4 Re3+ 44. Kc2 Be5 45. Nc6+ Kd6 46. Nxe5
Kxe5 47. Kd2 Rg3 48. Rh2 a5 49. Re2+ Kd6 50. Rh2 a4 0-1

[Event "FRA-chT2 0910"]
[Site "France"]
[Date "2009.10.18"]
[Round "3.4"]
[White "Helfer, Remi"]
[Black "Iasoni, Robert"]
[Result "1-0"]
[WhiteElo "2017"]
[BlackElo "2113"]
[PlyCount "83"]
[EventDate "2009.09.27"]
[EventType "team"]
[EventRounds "11"]
[EventCountry "FRA"]
[Source "ChessBase"]
[SourceDate "2010.03.11"]

1. e4 e5 2. Nc3 Qe7 3. Bc4 c6 4. d3 d6 5. f4 Nf6 6. Nf3 h6 7. O-O Bg4 8. fxe5
dxe5 9. Qe1 Qc7 10. Be3 Nbd7 11. Qg3 Bh5 12. h3 O-O-O 13. a4 a6 14. Rfb1 a5 15.
Nd1 g5 16. Nd2 g4 17. h4 Bg6 18. c3 Rg8 19. b4 Nh5 20. Qe1 Nf4 21. bxa5 Qxa5
22. Nb3 Qa8 23. a5 g3 24. Bb6 Nxb6 25. axb6 Qb8 26. Ra7 Bh5 27. Ne3 Ne2+ 28.
Kh1 Qd6 29. Na5 Qc5 30. Ra8+ Kd7 31. Rxd8+ Ke7 32. Nf5+ Kf6 33. Nxb7 Qa3 34.
Ra1 Qb2 35. Ra2 Qxb6 36. Rb8 Qf2 37. Qxf2 gxf2 38. Ra1 Bf3 39. Ne3 Rg3 40. Kh2
Bh5 41. Nf5 Rg4 42. Rc8 1-0

[Event "FRA-chT2 0910"]
[Site "France"]
[Date "2009.10.18"]
[Round "3.4"]
[White "Joguet, Boris"]
[Black "Staeger, Pascal"]
[Result "0-1"]
[WhiteElo "2108"]
[BlackElo "2112"]
[PlyCount "118"]
[EventDate "2009.09.27"]
[EventType "team"]
[EventRounds "11"]
[EventCountry "FRA"]
[Source "ChessBase"]
[SourceDate "2010.03.11"]

1. e4 d5 2. exd5 Qxd5 3. Nc3 Qd6 4. d4 Nf6 5. Nf3 a6 6. Be2 e6 7. O-O Be7 8.
Bg5 Nbd7 9. Qd3 O-O 10. Rfe1 b5 11. Ne4 Nxe4 12. Qxe4 Rb8 13. Bd3 g6 14. d5 Nf6
15. Qh4 Nxd5 16. Rad1 Re8 17. Be4 c6 18. Rd4 Rb7 19. Qh6 Bf8 20. Qh4 Bg7 21.
Bf6 Bxf6 22. Qxf6 Nxf6 23. Rxd6 Nxe4 24. Rxe4 Rd7 25. Rxd7 Bxd7 26. Rd4 Re7 27.
Ne5 Be8 28. Rd8 Kg7 29. b4 Kf6 30. Nd3 e5 31. Nc5 e4 32. Rd4 Kf5 33. Kf1 f6 34.
Rd6 Ke5 35. Rd8 Bf7 36. Rd7 Rxd7 37. Nxd7+ Kd4 38. Nxf6 Bxa2 39. Nxh7 Kc3 40.
Nf8 Bf7 41. Nd7 Kxb4 42. Nb8 Kc3 43. Nxa6 Bd5 44. f3 exf3 45. gxf3 Bxf3 46. Kf2
Be4 47. Ke3 Bxc2 48. h4 b4 49. Nc5 b3 50. Na4+ Kb4 51. Nb2 c5 52. Kd2 c4 53.
Kc1 c3 54. h5 cxb2+ 55. Kxb2 gxh5 56. Ka1 h4 57. Kb2 h3 58. Ka1 h2 59. Kb2 Bg6
0-1

[Event "FRA-chT2 0910"]
[Site "France"]
[Date "2009.10.18"]
[Round "3.4"]
[White "Lalande, Jean Louis"]
[Black "Castaignet, Laurent"]
[Result "1-0"]
[WhiteElo "2058"]
[BlackElo "2191"]
[PlyCount "93"]
[EventDate "2009.09.27"]
[EventType "team"]
[EventRounds "11"]
[EventCountry "FRA"]
[Source "ChessBase"]
[SourceDate "2010.03.11"]

1. d4 Nf6 2. Nf3 c5 3. e3 g6 4. Bd3 Bg7 5. O-O b6 6. a4 O-O 7. Qe2 Bb7 8. Nbd2
a6 9. c3 d6 10. Rd1 Qc7 11. Nb3 e5 12. dxe5 dxe5 13. e4 Nh5 14. g3 h6 15. Nh4
Nf6 16. f3 Kh7 17. Ng2 Nc6 18. Be3 Ne8 19. Qf2 a5 20. Bc4 Nd6 21. Bd5 Rad8 22.
Qe2 Ne7 23. Bxb7 Qxb7 24. Rd2 c4 25. Rad1 Nec8 26. Na1 f5 27. exf5 Rxf5 28. f4
exf4 29. Nxf4 Re8 30. Rxd6 Nxd6 31. Rxd6 Rfe5 32. Nc2 Qe7 33. Rxg6 Qc5 34. Qf2
Rxe3 35. Nxe3 Rxe3 36. Re6 Re5 37. Qxc5 Rxc5 38. Rxb6 Re5 39. Kf2 Kg8 40. Rb5
Kf7 41. Rxe5 Bxe5 42. Ke3 Kf6 43. Ke4 Bb8 44. Nd5+ Kg5 45. Ne3 Ba7 46. h3 Bb8
47. Kf3 1-0

[Event "FRA-chT2 0910"]
[Site "France"]
[Date "2009.10.18"]
[Round "3.4"]
[White "Le Masle, Raphael"]
[Black "Gaborit, Jean Pierre"]
[Result "1/2-1/2"]
[WhiteElo "2072"]
[BlackElo "2228"]
[PlyCount "94"]
[EventDate "2009.09.27"]
[EventType "team"]
[EventRounds "11"]
[EventCountry "FRA"]
[Source "ChessBase"]
[SourceDate "2010.03.11"]

1. d4 Nf6 2. Nf3 g6 3. g3 Bg7 4. Bg2 d5 5. O-O O-O 6. c4 c6 7. cxd5 cxd5 8. Nc3
e6 9. Ne5 Nfd7 10. Nxd7 Bxd7 11. Bf4 Nc6 12. Bd6 Re8 13. e3 Na5 14. b3 Rc8 15.
Rc1 b5 16. Qd2 Nb7 17. Ba3 a5 18. Ne2 Qb6 19. Nf4 b4 20. Bb2 Bb5 21. Rfd1 Nd6
22. f3 Rxc1 23. Rxc1 Bh6 24. Nd3 Bxd3 25. Qxd3 Rc8 26. Rxc8+ Nxc8 27. Bc1 Nd6
28. Qc2 Kf8 29. Bf1 Ke8 30. Kf2 Kd7 31. a4 f5 32. h4 Bg7 33. Bd2 Bf6 34. Bd3 f4
35. gxf4 Bxh4+ 36. Ke2 Qc7 37. Qd1 Bf6 38. Qh1 Kc6 39. Be1 Nf5 40. Bxf5 exf5
41. Bh4 Bg7 42. Qc1+ Kd6 43. Qxc7+ Kxc7 44. Be7 Kd7 45. Bg5 Kc6 46. Be7 Kd7 47.
Bg5 Kc6 1/2-1/2

[Event "FRA-chT2 0910"]
[Site "France"]
[Date "2009.10.18"]
[Round "3.4"]
[White "Mandon, Fabrice"]
[Black "Manet, Eric"]
[Result "1-0"]
[WhiteElo "2239"]
[BlackElo "2038"]
[PlyCount "63"]
[EventDate "2009.09.27"]
[EventType "team"]
[EventRounds "11"]
[EventCountry "FRA"]
[Source "ChessBase"]
[SourceDate "2010.03.11"]

1. e4 c5 2. Nf3 d6 3. d4 cxd4 4. Nxd4 Nf6 5. Nc3 a6 6. Bc4 e6 7. Bb3 Nbd7 8.
Bg5 Nc5 9. f4 Nxb3 10. axb3 Be7 11. O-O O-O 12. Qd3 Qc7 13. Rae1 Re8 14. e5
dxe5 15. fxe5 Nd5 16. Ne4 h6 17. Nd6 Bxd6 18. exd6 Qxd6 19. Bxh6 Nb4 20. Qe4 e5
21. Be3 Bd7 22. Nf5 Bxf5 23. Rxf5 Nc6 24. Ref1 Re7 25. Rh5 g6 26. Rh6 Rf8 27.
Bg5 f5 28. Bxe7 Qxe7 29. Rxg6+ Kh7 30. Rxf5 Qc5+ 31. Kh1 Kxg6 32. Qg4+ 1-0

[Event "FRA-chT2 0910"]
[Site "France"]
[Date "2009.10.18"]
[Round "3.4"]
[White "Pascal Mousselard, Philippe"]
[Black "Marciniak, Gerard"]
[Result "0-1"]
[WhiteElo "1918"]
[BlackElo "2116"]
[PlyCount "90"]
[EventDate "2009.09.27"]
[EventType "team"]
[EventRounds "11"]
[EventCountry "FRA"]
[Source "ChessBase"]
[SourceDate "2010.03.11"]

1. b3 Nf6 2. Bb2 g6 3. Bxf6 exf6 4. c4 Bg7 5. Nc3 O-O 6. e3 c6 7. d4 d6 8. Nge2
Re8 9. g3 f5 10. Bg2 Nd7 11. O-O Nf6 12. Qc2 a6 13. b4 Bd7 14. Rab1 b5 15. d5
cxd5 16. cxb5 Bxb5 17. Nxb5 axb5 18. Qd3 Rxa2 19. Qxb5 Ne4 20. Bxe4 dxe4 21.
Nf4 Qa8 22. Qd5 Be5 23. Qxa8 Rexa8 24. b5 Rb8 25. Nd5 Ra5 26. Nc7 d5 27. b6 d4
28. Rfc1 d3 29. Rc4 d2 30. Rcb4 Rc5 31. Rd1 Rc1 32. Rb1 Rxb1 33. Rxb1 Rxb6 34.
Rd1 Bxc7 35. Rxd2 Kg7 36. Kg2 Be5 37. Ra2 Rb2 38. Ra5 Bc7 39. Rc5 Bb6 40. Rc3
g5 41. Kg1 f4 42. Rc4 f5 43. g4 fxe3 44. fxe3 f4 45. Rxe4 fxe3 0-1

[Event "FRA-chT2 0910"]
[Site "France"]
[Date "2009.10.18"]
[Round "3.4"]
[White "Ricroque, Jean Pierre"]
[Black "Bekkat, Azzedine"]
[Result "0-1"]
[WhiteElo "2002"]
[BlackElo "2268"]
[PlyCount "127"]
[EventDate "2009.09.27"]
[EventType "team"]
[EventRounds "11"]
[EventCountry "FRA"]
[Source "ChessBase"]
[SourceDate "2010.03.11"]

1. d4 Nf6 2. Nf3 e6 3. c4 c5 4. d5 exd5 5. cxd5 d6 6. Nc3 g6 7. e4 Bg7 8. Bd3
O-O 9. O-O Bg4 10. Be2 Nbd7 11. a4 Re8 12. h3 Bxf3 13. Bxf3 a6 14. Qb3 Qc7 15.
Bf4 Rab8 16. a5 Bf8 17. Ra4 b5 18. axb6 Nxb6 19. Rxa6 Nbd7 20. Qa3 Rb4 21. Na2
Rb7 22. Nc3 Qb8 23. Bc1 Rb4 24. Ra4 Rb7 25. Be2 Nb6 26. Ra6 Nxe4 27. Nxe4 Rxe4
28. Bb5 Qd8 29. Bc6 Rb8 30. f3 Re2 31. Bb5 Re5 32. Bc6 Qh4 33. f4 Re1 34. Qf3
Bg7 35. Kh2 Rxf1 36. Qxf1 Nc8 37. Qe2 Ne7 38. g3 Qf6 39. g4 Qh4 40. Ra7 Rb3 41.
Ra8+ Bf8 42. Qg2 h5 43. Ba4 Rd3 44. Bc2 Rxd5 45. Be4 Rd4 46. gxh5 Qxh5 47. Be3
Rb4 48. f5 Qh8 49. f6 Qxf6 50. Bh6 Kh7 51. Bxf8 Rxb2 52. Bc2 Qc3 53. Ra2 Rxa2
54. Bxg6+ Nxg6 55. Qxa2 Qe5+ 56. Kh1 Qe4+ 57. Kg1 Qd4+ 58. Kh1 Qe4+ 59. Kg1
Qe3+ 60. Kg2 Nf4+ 61. Kf1 Qxh3+ 62. Kg1 Qg3+ 63. Kf1 Qf3+ 64. Kg1 0-1

[Event "FRA-chT2 0910"]
[Site "France"]
[Date "2009.10.18"]
[Round "3.4"]
[White "Sanchez, Nicolas"]
[Black "Belheine, Larbi"]
[Result "1-0"]
[WhiteElo "2159"]
[BlackElo "2050"]
[PlyCount "225"]
[EventDate "2009.09.27"]
[EventType "team"]
[EventRounds "11"]
[EventCountry "FRA"]
[Source "ChessBase"]
[SourceDate "2010.03.11"]

1. d4 Nf6 2. c4 g6 3. Nc3 Bg7 4. e4 d6 5. Nf3 O-O 6. Be2 e5 7. O-O Nc6 8. d5
Ne7 9. Ne1 Ne8 10. Nd3 f5 11. Bd2 f4 12. c5 g5 13. cxd6 cxd6 14. Rc1 Kh8 15.
Bg4 Nf6 16. Bxc8 Rxc8 17. f3 h5 18. Nf2 Bh6 19. Qb3 Qd7 20. Qb5 a6 21. Qxd7
Nxd7 22. Nd3 Rc4 23. Ne2 Rfc8 24. Bb4 Rxc1 25. Nexc1 g4 26. Bxd6 Ng6 27. Nb3
Bf8 28. Bxf8 Ngxf8 29. Rc1 Rxc1+ 30. Nbxc1 Kg7 31. Nb3 b6 32. a4 a5 33. Nd2 Kf6
34. Nc4 Ng6 35. Kf2 Kg5 36. b3 h4 37. h3 gxh3 38. gxh3 Kf6 39. b4 axb4 40. Nxb4
Nh8 41. Nc6 Nf7 42. Kg2 Ng5 43. Nb4 Ke7 44. Nd3 Nf7 45. Nb4 Kd8 46. a5 bxa5 47.
Nxa5 Ke7 48. Nd3 Kf6 49. Nc4 Ke7 50. Kh2 Kf6 51. Nf2 Kg5 52. Ng4 Kg6 53. Kg2
Kg7 54. Na5 Kf8 55. Nc6 Ke8 56. Kf2 Kf8 57. Ke2 Ke8 58. Nb4 Kd8 59. Nd3 Kc7 60.
Ne1 Nf8 61. Nd3 Kd6 62. Nf6 Ng6 63. Ne8+ Ke7 64. Ng7 Ng5 65. Nf5+ Kd8 66. Ne1
Nxh3 67. Ng2 Ng1+ 68. Kf2 Nh3+ 69. Kf1 Ng5 70. Ngxh4 Nf8 71. Kg2 Kd7 72. Nh6
Ke7 73. Ng4 Nf7 74. Nf5+ Kd8 75. Nf2 Ng5 76. Nd3 Ng6 77. Nf2 Kd7 78. Nh3 Nf7
79. Kf2 Kc7 80. Ke2 Kb6 81. Nf2 Kb5 82. Ng4 Kc5 83. Nf6 Nf8 84. Nh4 Kd6 85. Kf2
Ke7 86. Ng4 Nd7 87. Ke2 Kd6 88. Ng6 Nb6 89. Kd3 Nd7 90. Kc4 Ng5 91. Nh4 Nb6+
92. Kd3 Nd7 93. Nf5+ Kc5 94. Nh4 Kd6 95. Nf2 Kc5 96. Kc3 Kd6 97. Nd3 Nf7 98.
Kb4 Nh6 99. Kb5 Nf6 100. Kc4 Nd7 101. Nf2 Nf6 102. Ng6 Nf7 103. Nh3 Nd7 104.
Kb5 Nf6 105. Nh4 Nh6 106. Ng5 Nd7 107. Ng6 Nf6 108. Nh8 Nd7 109. Nhf7+ Nxf7
110. Nxf7+ Ke7 111. Nh6 Nf8 112. Kc6 Ng6 113. d6+ 1-0